[Event "St Petersburg White Nights op"]
[Site "St Petersburg"]
[Date "2007.06.30"]
[Round "6"]
[White "Akimov, Dmitry"]
[Black "Krishilovsky, A."]
[Result "0-1"]
[WhiteElo "2238"]
[BlackElo "2040"]
[PlyCount "62"]
[EventDate "2007.06.25"]
[EventType "swiss"]
[EventRounds "9"]
[EventCountry "RUS"]
[SourceTitle "CBM 119 Extra"]
[Source "ChessBase"]
[SourceDate "2007.09.04"]
[SourceVersion "1"]
[SourceVersionDate "2007.09.04"]
[SourceQuality "1"]

1. e4 c5 2. g3 d6 3. Bg2 Nf6 4. d3 g6 5. f4 Bg7 6. Nf3 0-0 7. 0-0 Nc6 8. Nc3 Bg4 9. Be3 Nd4 10. Qd2 Bxf3 11. Bxf3 Rb8 12. h3 Nxf3+ 13. Rxf3 d5 14. e5 d4 15. exf6 dxe3 16. fxe7 Qxe7 17. Qe2 b5 18. Kh2 b4 19. Rxe3 Qd7 20. Ne4 Bxb2 21. Nxc5 Qc6 22. Nb3 Bxa1 23. Nxa1 Rfe8 24. Re5 Rxe5 25. fxe5 Rc8 26. Qd2 Qc3 27. Qxc3 Rxc3 28. Kg2 a5 29. Kf2 a4 30. d4 Ra3 31. d5 Kf8 0-1

[Event "St Petersburg White Nights op"]
[Site "St Petersburg"]
[Date "2007.06.25"]
[Round "1"]
[White "Akimov, Dmitry"]
[Black "Voronenkov, Sergey"]
[Result "1-0"]
[WhiteElo "2238"]
[BlackElo "1980"]
[PlyCount "71"]
[EventDate "2007.06.25"]
[EventType "swiss"]
[EventRounds "9"]
[EventCountry "RUS"]
[SourceTitle "CBM 119 Extra"]
[Source "ChessBase"]
[SourceDate "2007.09.04"]
[SourceVersion "1"]
[SourceVersionDate "2007.09.04"]
[SourceQuality "1"]

1. e4 c5 2. g3 Nc6 3. Bg2 e6 4. f4 d5 5. e5 Nh6 6. d3 Be7 7. c3 b5 8. Nf3 0-0 9. 0-0 a5 10. h3 b4 11. Be3 Rb8 12. c4 Ba6 13. b3 Nf5 14. Bf2 dxc4 15. dxc4 Qxd1 16. Rxd1 Rfd8 17. Nbd2 Nfd4 18. Ne4 Nxf3+ 19. Bxf3 Nd4 20. Bxd4 cxd4 21. Rd3 Bb7 22. Nd2 f6 23. Re1 f5 24. Kf2 a4 25. Ke2 axb3 26. axb3 g5 27. Ra1 gxf4 28. gxf4 Bxf3+ 29. Nxf3 Bc5 30. Ng5 Ra8 31. Rxa8 Rxa8 32. Nxe6 Rc8 33. Nxc5 Rxc5 34. Rxd4 Ra5 35. Rd8+ Kf7 36. Rb8 1-0

[Event "St Petersburg White Nights op"]
[Site "St Petersburg"]
[Date "2005.06.20"]
[Round "3"]
[White "Akimov, Dmitry"]
[Black "Volodin, Aleksandr"]
[Result "1-0"]
[WhiteElo "2266"]
[BlackElo "2147"]
[PlyCount "143"]
[EventDate "2005.06.18"]
[EventType "swiss"]
[EventRounds "9"]
[EventCountry "RUS"]
[SourceTitle "CBM 106 Extra"]
[Source "ChessBase"]
[SourceDate "2005.07.01"]
[SourceVersion "1"]
[SourceVersionDate "2005.07.01"]
[SourceQuality "1"]

1. e4 c5 2. g3 Nc6 3. Bg2 d6 4. d3 g6 5. f4 Bg7 6. Nf3 e6 7. 0-0 Nge7 8. c3 0-0 9. Be3 Rb8 10. Bf2 b5 11. e5 dxe5 12. fxe5 Nxe5 13. Nxe5 Bxe5 14. Bxc5 Qc7 15. d4 Bd6 16. Bxd6 Qxd6 17. Nd2 Nf5 18. Ne4 Qe7 19. Qd2 Bb7 20. Rae1 Bxe4 21. Bxe4 Nd6 22. Qh6 Rfd8 23. Rf4 Qf8 24. Qg5 Nxe4 25. Rfxe4 Rd5 26. Qe3 Rbd8 27. Rf1 Qg7 28. Ref4 R8d7 29. Rf6 h5 30. Qf4 Rb7 31. b3 Rf5 32. Rxf5 gxf5 33. Re1 Qg4 34. Kf2 Kg7 35. Ke3 f6 36. Kf2 Re7 37. Qd6 Kf7 38. c4 bxc4 39. bxc4 Rb7 40. Re2 Qh3 41. Qxe6+ Kg6 42. Qe8+ Kg5 43. Qe3+ Kg6 44. Qf3 Rb1 45. Ke3 Rf1 46. Rf2 Rxf2 47. Qxf2 f4+ 48. Kxf4 Qe6 49. Qc2+ Kg7 50. d5 Qe5+ 51. Kf3 Qe1 52. Qe2 Qh1+ 53. Ke3 Qg1+ 54. Kd3 Qb1+ 55. Kd4 Qg1+ 56. Kd3 Qb1+ 57. Qc2 Qf1+ 58. Kc3 Qe1+ 59. Kb3 Qe3+ 60. Qc3 Qb6+ 61. Qb4 Qe3+ 62. Ka4 Qe2 63. d6 Qxa2+ 64. Kb5 Qg2 65. Qc5 Qb7+ 66. Ka5 Kg6 67. Qc7 Qb3 68. d7 Qa3+ 69. Kb5 a6+ 70. Kb6 Qb3+ 71. Ka7 Qe3+ 72. c5 1-0

[Event "Vojvodina U16"]
[Site "Vojvodina"]
[Date "2005.06.??"]
[Round "5"]
[White "Akimov, Dmitry"]
[Black "Mader, Manuela"]
[Result "1/2-1/2"]
[WhiteElo "2266"]
[BlackElo "2002"]
[PlyCount "49"]
[EventDate "2005.??.??"]
[EventType "swiss"]
[EventRounds "9"]
[EventCountry "YUG"]
[SourceTitle "EXT 2006"]
[Source "ChessBase"]
[SourceDate "2005.11.24"]
[SourceVersion "1"]
[SourceVersionDate "2005.11.24"]
[SourceQuality "1"]

1. e4 c6 2. d4 d5 3. Nc3 dxe4 4. Nxe4 Bf5 5. Ng3 Bg6 6. Nf3 Nd7 7. h4 h6 8. h5 Bh7 9. Bd3 Bxd3 10. Qxd3 Ngf6 11. Bf4 e6 12. 0-0-0 Qa5 13. Kb1 Be7 14. c4 0-0 15. Qe2 Rad8 16. Ne5 Rfe8 17. Ne4 Nxe4 18. Qxe4 Nxe5 19. dxe5 Rxd1+ 20. Rxd1 Rd8 21. Rxd8+ Qxd8 22. Kc2 Bg5 23. Bxg5 Qxg5 24. g4 Qh4 25. Qd4 1/2-1/2

[Event "Vojvodina U16"]
[Site "Vojvodina"]
[Date "2005.06.??"]
[Round "4"]
[White "Uta, Adeline Ramona"]
[Black "Akimov, Dmitry"]
[Result "0-1"]
[WhiteElo "1992"]
[BlackElo "2266"]
[PlyCount "144"]
[EventDate "2005.??.??"]
[EventType "swiss"]
[EventRounds "9"]
[EventCountry "YUG"]
[SourceTitle "EXT 2006"]
[Source "ChessBase"]
[SourceDate "2005.11.24"]
[SourceVersion "1"]
[SourceVersionDate "2005.11.24"]
[SourceQuality "1"]

1. e4 e5 2. Nf3 Nc6 3. Bc4 Nf6 4. Ng5 d5 5. exd5 Na5 6. Bb5+ c6 7. dxc6 bxc6 8. Be2 h6 9. Nf3 e4 10. Ne5 Bd6 11. d4 exd3 12. Nxd3 Qc7 13. b3 0-0 14. h3 c5 15. c4 Re8 16. Bb2 Ne4 17. Nc3 Nxc3 18. Bxc3 Bf5 19. 0-0 Rad8 20. Qd2 Rxe2 21. Qxe2 Bxd3 22. Qg4 f5 23. Qg6 Bxf1 24. Qe6+ Kh7 25. Kxf1 Nc6 26. Qxf5+ g6 27. Qe4 Be5 28. Bxe5 Qxe5 29. Qxe5 Nxe5 30. Re1 Nc6 31. g3 Kg7 32. Re6 Rc8 33. Rd6 Rc7 34. Ke2 Nb4 35. a3 Nc6 36. Kd3 Kf7 37. Rd5 Ke6 38. Kc3 Ne7 39. Rd3 Nf5 40. b4 Nd6 41. Re3+ Kd7 42. b5 Rc8 43. f4 Re8 44. Rd3 Re4 45. Kb3 Ke6 46. Rc3 Nf5 47. a4 Nd6 48. a5 Nb7 49. Ka4 Re1 50. a6 Nd6 51. Kb3 Nc8 52. Kc2 Nb6 53. Kd2 Re4 54. Kd3 Rd4+ 55. Ke2 Rxc4 56. Rxc4 Nxc4 57. Kd3 Kd5 58. g4 Nb6 59. h4 h5 60. g5 Ke6 61. Ke2 Kf5 62. Kf3 Nd5 63. Kg3 Ke4 64. f5 Kxf5 65. Kf3 Nb6 66. Ke3 Kg4 67. Ke4 c4 68. Ke5 c3 69. Kf6 c2 70. Kxg6 c1Q 71. Kh7 Qc7+ 72. Kh8 Kf5 0-1

[Event "Chigorin Memorial 12th"]
[Site "St Petersburg"]
[Date "2004.10.22"]
[Round "7"]
[White "Akimov, Dmitry"]
[Black "Trofimovskaya, Irina"]
[Result "1-0"]
[WhiteElo "2292"]
[BlackElo "2138"]
[PlyCount "47"]
[EventDate "2004.10.16"]
[EventType "swiss"]
[EventRounds "9"]
[EventCountry "RUS"]
[SourceTitle "EXT 2005"]
[Source "ChessBase"]
[SourceDate "2004.11.15"]
[SourceVersion "1"]
[SourceVersionDate "2004.11.15"]
[SourceQuality "1"]

1. e4 e5 2. Nf3 Nf6 3. d4 Nxe4 4. Bd3 d5 5. Nxe5 Bf5 6. 0-0 Be7 7. Re1 0-0 8. Nd2 Nd6 9. Bxf5 Nxf5 10. Qg4 g6 11. Ndf3 Bf6 12. c3 Nd7 13. Bf4 c6 14. Re2 Re8 15. Rae1 Bxe5 16. dxe5 Nf8 17. Bg5 Qd7 18. Bf6 Ng7 19. Qg5 Nh5 20. Qh6 Qf5 21. Ng5 Rec8 22. Be7 f6 23. exf6 Rc7 24. f7+ 1-0

[Event "RUS-ch U16"]
[Site "Dagomys"]
[Date "2004.04.??"]
[Round "?"]
[White "Nazarov, Valerij"]
[Black "Akimov, Dmitry"]
[Result "0-1"]
[WhiteElo "2152"]
[BlackElo "2291"]
[PlyCount "70"]
[EventDate "2004.04.??"]
[EventType "swiss"]
[EventRounds "10"]
[EventCountry "RUS"]
[SourceTitle "EXT 2005"]
[Source "ChessBase"]
[SourceDate "2004.11.15"]
[SourceVersion "1"]
[SourceVersionDate "2004.11.15"]
[SourceQuality "1"]

1. c4 e5 2. Nc3 Nf6 3. g3 c6 4. Bg2 d5 5. cxd5 cxd5 6. d3 Nc6 7. Nf3 Be7 8. 0-0 0-0 9. b3 h6 10. Bb2 Be6 11. Rc1 Rc8 12. Na4 Nd7 13. d4 e4 14. Ne5 Ndxe5 15. dxe5 b6 16. f3 exf3 17. exf3 b5 18. Nc3 Qb6+ 19. Kh1 Rfd8 20. f4 d4 21. Ne4 Bd5 22. Qg4 Kf8 23. Rfd1 Qb7 24. Qe2 a5 25. h4 Qb6 26. Qg4 Ra8 27. Qe2 a4 28. Nd2 d3 29. Qf1 Bxg2+ 30. Qxg2 Nb4 31. bxa4 Rxa4 32. a3 Nc2 33. Nf1 Nxa3 34. Rc6 Qb7 35. Ne3 Nc4 0-1

[Event "RUS-ch U16"]
[Site "Dagomys"]
[Date "2004.04.??"]
[Round "?"]
[White "Pushin, Vladimir"]
[Black "Akimov, Dmitry"]
[Result "1/2-1/2"]
[WhiteElo "2201"]
[BlackElo "2291"]
[PlyCount "51"]
[EventDate "2004.04.??"]
[EventType "swiss"]
[EventRounds "10"]
[EventCountry "RUS"]
[SourceTitle "EXT 2005"]
[Source "ChessBase"]
[SourceDate "2004.11.15"]
[SourceVersion "1"]
[SourceVersionDate "2004.11.15"]
[SourceQuality "1"]

1. d4 d5 2. c4 Nc6 3. Nf3 e5 4. e3 exd4 5. Nxd4 Nf6 6. Nc3 Nxd4 7. Qxd4 Be6 8. cxd5 Nxd5 9. Bc4 Nxc3 10. Qxc3 Qg5 11. Bxe6 Qxg2 12. Bxf7+ Kxf7 13. Qxc7+ Be7 14. Qc4+ Kg6 15. Rf1 Rac8 16. Qd3+ Kf7 17. Bd2 Rhd8 18. Qf5+ Bf6 19. Bc3 Rc6 20. Ke2 g6 21. Qf4 Qd5 22. Rfd1 Qb5+ 23. Ke1 Rf8 24. a4 Qb3 25. Ra3 Qc2 26. Rd2 1/2-1/2

[Event "St Petersburg White Nights op"]
[Site "St Petersburg"]
[Date "2004.??.??"]
[Round "8"]
[White "Akimov, Dmitry"]
[Black "Serov, Maksim"]
[Result "1/2-1/2"]
[WhiteElo "2271"]
[BlackElo "2154"]
[PlyCount "45"]
[EventDate "2004.06.??"]
[EventType "swiss"]
[EventRounds "9"]
[EventCountry "RUS"]
[SourceTitle "CBM 100 Extra"]
[Source "ChessBase"]
[SourceDate "2004.07.06"]
[SourceVersion "2"]
[SourceVersionDate "2004.07.06"]
[SourceQuality "1"]

1. e4 c5 2. Nc3 e6 3. g3 Nc6 4. Bg2 g6 5. f4 Bg7 6. d3 d6 7. Nf3 Nge7 8. 0-0 0-0 9. Be3 Nd4 10. Qd2 Rb8 11. Nd1 b5 12. c3 Nxf3+ 13. Bxf3 Nc6 14. Nf2 Qc7 15. Bg2 b4 16. Rac1 bxc3 17. bxc3 Qa5 18. f5 Ne5 19. g4 f6 20. Bh6 Bxh6 21. Qxh6 Nf7 22. Qd2 g5 23. fxe6 1/2-1/2

[Event "St Petersburg White Nights op"]
[Site "St Petersburg"]
[Date "2004.??.??"]
[Round "5"]
[White "Polyaninov, Aleksey Vladimirovi"]
[Black "Akimov, Dmitry"]
[Result "1-0"]
[WhiteElo "2395"]
[BlackElo "2271"]
[PlyCount "75"]
[EventDate "2004.06.??"]
[EventType "swiss"]
[EventRounds "9"]
[EventCountry "RUS"]
[SourceTitle "CBM 100 Extra"]
[Source "ChessBase"]
[SourceDate "2004.07.06"]
[SourceVersion "2"]
[SourceVersionDate "2004.07.06"]
[SourceQuality "1"]

1. d4 d5 2. c4 c6 3. Nf3 Nf6 4. Nc3 a6 5. c5 g6 6. Bf4 Bg7 7. g3 0-0 8. Bg2 Bf5 9. Qb3 Qc8 10. h3 Ne4 11. Na4 Nd7 12. Rd1 Re8 13. g4 Be6 14. Ne5 Bxe5 15. Bxe5 f6 16. Bh2 Bf7 17. f3 Ng5 18. h4 Ne6 19. g5 Ng7 20. Bh3 f5 21. Nb6 Nxb6 22. Qxb6 Be6 23. Qc7 Qxc7 24. Bxc7 Bc8 25. f4 Ne6 26. Be5 Bd7 27. Rd3 Rad8 28. h5 gxh5 29. Rb3 Bc8 30. Bxf5 Nf8 31. Bxc8 Rxc8 32. Rxb7 Ng6 33. Rxh5 Nxe5 34. fxe5 Rb8 35. Rxb8 Rxb8 36. b3 Kg7 37. Rh6 Rc8 38. Kd2 1-0